The Fastest men on earth : the story of the men's 100 metres olympic champions
| Main Author: | |
|---|---|
| Format: | Book |
| Published: |
London :
Andre Deutsch ,
2011
|
| Subjects: |
MARC
| LEADER | 00000cam a2200000 7i4500 | ||
|---|---|---|---|
| 001 | 0000156130 | ||
| 005 | 20120713.0 | ||
| 020 | |a 9780233003368 | ||
| 090 | 0 | 0 | |a 796.4260922 |b DUN |
| 100 | 1 | |a Duncanson, Neil | |
| 245 | 1 | 4 | |a The Fastest men on earth : |b the story of the men's 100 metres olympic champions |c Neil Duncanson |
| 260 | |a London : |b Andre Deutsch , |c 2011 | ||
| 300 | |a 336p. ; |c 25cm. | ||
| 650 | 0 | 0 | |a Olympic Games Athletics Running Sprinting |
| 650 | 0 | 0 | |a Olympics |x Records |
| 999 | |a 00258553 |b BUKU |c PINJAMAN |e PERPUSTAKAAN KOMUNITI PETALING JAYA | ||